ბათუმის შოთა რუსთაველის სახელმწიფო უნივერსიტეტის ბიბლიოთეკა

საერთაშორისო ბიზნესის სამართალი = International Business Law = Международное бизнесовое право : (ბიბ.ჩანაწერი № 34430)

000 -ლიდერი
ფიქსირებული სიგრძის საკონტროლო ველი 01660nam a2200277Ia 4500
001 - საკონტროლო ნომერი
საკონტროლო ველი 171
003 - საკონტროლო ნომრის იდენტიფიკატორი
საკონტროლო ველი GE_BSU
005 - ბოლო ოპერაციის თარიღი და დრო
საკონტროლო ველი 20211129112317.0
008 - ფიქსირებული სიგრძის მონაცემთა ელემენტები - ზოგადი ინფორმაცია
ფიქსირებული სიგრძის საკონტროლო ველი 181216s2006||||ge |||||||||||||| ||geo||
040 ## - კატალოგიზაციის წყარო
Transcribing agency GE_BSU
041 ## - ენის კოდი
Language code of text/sound track or separate title geo
080 ## - უნივერსალური ათობითი კლასიფიკაციის ინდექსი
Universal Decimal Classification number 347.7(075.8) ა-58
100 ## - მთავარი ჩანაწერი - პიროვნების სახელი
Personal name ამილახვარი, ზაურ
9 (RLIN) 13091
245 ## - ცნობა სათაურის შესახებ
Title საერთაშორისო ბიზნესის სამართალი = International Business Law = Международное бизнесовое право :
Remainder of title [სახელმძღვ. სტუდ.] /
Statement of responsibility, etc ზაურ ამილახვარი, გიორგი ამილახვარი ; [რედ.: ქეთევან ქოქრაშვილი (მთ. რედ.), კახაბერ ესაძე] ; საქ. საგადასახადო-საბაჟო აკად.
264 ## - წარმოების, გამოცემის, დისტრიბუციის და სხვა ცნობები
გამოცემის, წარმოების, დისტრიბუციის... ადგილი თბილისი :
გამოცემის, წარმოების, დისტრიბუციის... სახელწოდება ინოვაცია,
გამოცემის, წარმოების, დისტრიბუციის... თარიღი 2006.
300 ## - ფიზიკური აღწერა
Extent 462 გვ.
Other physical details 20 სმ.
504 ## - BIBLIOGRAPHY, ETC. NOTE
Bibliography, etc ბიბლიოგრ. ტექსტ. შენიშვნ.
653 ## - INDEX TERM--UNCONTROLLED
Uncontrolled term ბიზნესის სამართალი
653 ## - INDEX TERM--UNCONTROLLED
Uncontrolled term სავაჭრო სამართალი
700 ## - ADDED ENTRY--PERSONAL NAME
Personal name ამილახვარი, გიორგი
Relator term ავტორი
9 (RLIN) 13092
700 ## - ADDED ENTRY--PERSONAL NAME
Personal name ქოქრაშვილი, ქეთევან
Relator term რედაქტორი
9 (RLIN) 13093
700 ## - ADDED ENTRY--PERSONAL NAME
Personal name ესაძე, კახაბერ
Relator term რედაქტორი
9 (RLIN) 13094
710 ## - ADDED ENTRY--CORPORATE NAME
Corporate name or jurisdiction name as entry element საქ. საგადასახადო-საბაჟო აკადემია
9 (RLIN) 13095
942 ## - ADDED ENTRY ELEMENTS (KOHA)
Koha item type წიგნი
Source of classification or shelving scheme
ეგზემპლარები
ჩამოწერის სტატუსი დაკარგული ეგზემპლარის სტატუსი კლასიფიკაციის წყარო ან თაროზე გაწყობის სქემა დაზიანების სტატუსი არ გაიცემა მუდმივი მდებარეობა (დაცვის ადგილი) ამჟამინდელი ადგილსამყოფელი თაროზე განთავსების ადგილი შეძენის თარიღი ღირებულება, შესყიდვის ნორმალური ფასი სრული შენახვის შიფრი შტრიხკოდი ბოლო ოპერაციის თარიღი ეგზემპლარის მიმდევრობითი ნომერი (კეტერი?) ფასის ძალაში შესვლის თარიღი ეგზემპლარის სახეობა საჯარო შენიშვნა
          ბათუმის შოთა რუსთაველის სახელმწიფო უნივერსიტეტის მთავარი ბიბლიოთეკა ბათუმის შოთა რუსთაველის სახელმწიფო უნივერსიტეტის მთავარი ბიბლიოთეკა წიგნსაცავი 2018-12-17 18.00 347.7(075.8) ა-58 1843 2018-12-17 1843 2018-12-17 წიგნი 18 ლ.
          ბათუმის შოთა რუსთაველის სახელმწიფო უნივერსიტეტის მთავარი ბიბლიოთეკა ბათუმის შოთა რუსთაველის სახელმწიფო უნივერსიტეტის მთავარი ბიბლიოთეკა წიგნსაცავი 2021-11-29 18.00 347.7(075.8) ა-58 3524 2021-11-29 524 2021-11-29 წიგნი 18 ლ.